000 00372nam a2200133 i 4500
001 bg
100 1 _aJANKOWSKA, Lubomira
245 0 _aUdostępnianie zbiorów w bibliotekach wyższych szkół technicznych w Polsce... /
_cLubomira Jankowska.
260 _aWrocław,
_c1970.
040 _cBPK
041 _apol
942 _cKS
008 s pl f |000 0 pol
999 _c27091
_d27091
856 _uhttp://koha.tu.koszalin.pl/cgi-bin/koha/opac-detail.pl?biblionumber=27091
_yKatalog online BPK